01625nam a2200205 a 4500008004100000020000800041041000800049100004000057245008100097250001100178260006200189300001600251500012100267505072400388653005201112653008601164653005601250653005301306653006001359120515t2012 ag a|||g |||| 001 0 spa d aS/N aspa1 aMuñoz Villagran, Jorge L.eCoord. aPedagogía política en Don Jaime de Nevares /cJorge L. Muñoz Villagran a2a ed. aNeuquén [Neuquén ; Argentina]:bKuruf ; EDUCO;c2012. a311 p.bil. aMuñoz Villagran, J. (Coord.). (2012). Pedagogía política de Don Jaime de Nevares. (2a ed.). Neuquén : EDUCO. aEn la larga historia de Jaime de Nevares en Neuquén podemos encontrar ideas y prácticas sobre las cuales ir avanzando y discutiendo, en procura de una forma de hacer política que difiera de los que comúnmente se asume hoy como "actividad política". A partir de algunas de las posturas ideológicas y actos de De Nevares se puede pretender una acción política sincera, confiada, de base popular, coherente en el tiempo y las situaciones, a la vez que responsable y liberadora. Un recorrido por las ideas, discurso y prácticas políticas en la vida de Don Jaime permite revalorizar y hacer querible una de las actividades más nobles en el ser humano, el servicio público... es decir, la política.  aCapitulo I: Pedagogía Política en Don Jaime aCapitulo II: Don Jaime, la universidad Nacional del Comahue y el "norte neuquino" aCapitulo III: Don Jaime y los chilenos en Neuquén aCapitulo IV: Don Jaime en nuestros historiadores aBreve reseña de la vida de Jaime Francisco de Nevares